000 00867cam a22002777a 4500
003 CHAP
005 20220329133331.0
008 971013s r 00010 d
010 _a5052
011 _a6024
035 _a5242
040 _cCHAP
090 _aR-3357
100 0 0 _aGekeler, Walter.
_947413
245 0 _aSurvey of the plant Kingdom for the ability to bind heavy metals through phytochelatins
500 _aSobretiro de : Z. Naturforsch 44:361-369, 1989
590 _aBATCH-UPD
_b10
_c20130110
_lUCH01
_h2021
590 _aBATCH-UPD
_b10
_c20130410
_lUCH01
_h1339
590 _aBATCH-UPD
_b10
_c20130914
_lUCH01
_h1534
590 _aCONVERSION
_b10
_c20130109
_lUCH01
_h1304
650 1 4 _aMetales
_xEfecto en plantas.
_975166
650 1 4 _aQuĂ­mica vegetal.
_993602
901 _aBK
942 _cREIMP
949 _aR-3357
_bBC
_cR
_d-14811
_eTS1
_i5242
_mD
_si
999 _c5052
_d5052